Punto azul : (Registro nro. 3525)
[ vista simple ]
| 000 -LEADER | |
|---|---|
| fixed length control field | 00671nam a2200193Ia 4500 |
| 003 - CONTROL NUMBER IDENTIFIER | |
| control field | OSt. |
| 005 - DATE AND TIME OF LATEST TRANSACTION | |
| control field | 20250627091250.0 |
| 008 - FIXED-LENGTH DATA ELEMENTS--GENERAL INFORMATION | |
| fixed length control field | 191128s1987 ck er 000 f spa d |
| 040 ## - CATALOGING SOURCE | |
| Original cataloging agency | CO-JMCR |
| Transcribing agency | CO-JMCR |
| 041 ## - LANGUAGE CODE | |
| Language code of text/sound track or separate title | spa |
| 082 04 - DEWEY DECIMAL CLASSIFICATION NUMBER | |
| Classification number | A-P |
| Item number | CARp |
| 100 1# - MAIN ENTRY--PERSONAL NAME | |
| Personal name | Cardozo Luna, Hernando, |
| Dates associated with a name | 1948 |
| Relator term | autor |
| 9 (RLIN) | 8744 |
| 245 10 - TITLE STATEMENT | |
| Title | Punto azul : |
| Remainder of title | poemas / |
| Statement of responsibility, etc. | Hernando Cardozo Luna |
| 260 ## - PUBLICATION, DISTRIBUTION, ETC. | |
| Place of publication, distribution, etc. | Bogotá : |
| Name of publisher, distributor, etc. | Fundación Politécnico Grancolombiano, |
| Date of publication, distribution, etc. | 1987 |
| 300 ## - PHYSICAL DESCRIPTION | |
| Extent | 45 páginas ; |
| Dimensions | 22 cm. |
| 505 ## - FORMATTED CONTENTS NOTE | |
| Formatted contents note | Amor -- Ti -- Tu mano -- Más allá de tu pelo -- Besame -- A diario -- Plenitud -- Decisión -- El enamorado --Pequeña |
| 650 14 - SUBJECT ADDED ENTRY--TOPICAL TERM | |
| Topical term or geographic name entry element | Poesía colombiana |
| 9 (RLIN) | 8745 |
| 942 ## - ADDED ENTRY ELEMENTS (KOHA) | |
| Source of classification or shelving scheme | Dewey Decimal Classification |
| Koha item type | Books |
| Withdrawn status | Lost status | Source of classification or shelving scheme | Damaged status | Not for loan | Collection code | Home library | Current library | Date acquired | Source of acquisition | Total Checkouts | Full call number | Barcode | Date last seen | Date last checked out | Copy number | Koha item type | Public note |
|---|---|---|---|---|---|---|---|---|---|---|---|---|---|---|---|---|---|
| Dewey Decimal Classification | Fiction | Biblioteca Pública José María del Castillo y Rada | Biblioteca Pública José María del Castillo y Rada | 11/28/2019 | Donación | 1 | A-P CARp | 201807386 | 11/28/2024 | 11/27/2024 | Ej.1 | Books | exlibris: Recuerdos del día del amor y la amistad Ing. Mauricio Celis sep. 17/93 |